Every Song by Tesla - Statistics

General Stats
  • This quiz has been taken 6 times
  • The average score is 11 of 107
Answer Stats
Album Song % Correct
The Great Radio Controversy(1989) Love Song
80%
Mechanical Resonance(1986) Modern Day Cowboy
80%
Mechanical Resonance(1986) Changes
60%
Psychotic Supper(1991) Edison's Medicine
60%
Mechanical Resonance(1986) Gettin' Better
60%
The Great Radio Controversy(1989) Hang Tough
60%
The Great Radio Controversy(1989) Heaven's Trail (No Way Out)
60%
Psychotic Supper(1991) Call It What You Want
40%
Into the Now(2004) Into the Now
40%
Bust a Nut(1994) Mama's Fool
40%
Shock(2019) Shock
40%
The Great Radio Controversy(1989) The Way It Is
40%
Psychotic Supper(1991) Time
40%
Psychotic Supper(1991) What You Give
40%
The Great Radio Controversy(1989) Be a Man
20%
Mechanical Resonance(1986) Before My Eyes
20%
Psychotic Supper(1991) Can't Stop
20%
Psychotic Supper(1991) Change in the Weather
20%
Mechanical Resonance(1986) Cumin' Atcha Live
20%
Mechanical Resonance(1986) EZ Come EZ Go
20%
Forever More(2008) Forever More
20%
Psychotic Supper(1991) Government Personnel
20%
The Great Radio Controversy(1989) Lazy Days, Crazy Nights
20%
Mechanical Resonance(1986) Love Me
20%
Into the Now(2004) Mighty Mouse
20%
The Great Radio Controversy(1989) Paradise
20%
The Great Radio Controversy(1989) Party's Over
20%
Simplicity(2014) Ricochet
20%
Mechanical Resonance(1986) Rock Me to the Top
20%
Bust a Nut(1994) Shine Away
20%
Bust a Nut(1994) Solution
20%
Psychotic Supper(1991) Stir It Up
20%
Mechanical Resonance(1986) 2 Late 4 Love
0%
Bust a Nut(1994) Action Talks
0%
Shock(2019) Afterlife
0%
Forever More(2008) All of Me
0%
Bust a Nut(1994) A Lot To Lose
0%
Forever More(2008) Breakin' Free
0%
Simplicity(2014) Break of Dawn
0%
Simplicity(2014) Burnout to Fade
0%
Shock(2019) California Summer Song
0%
Into the Now(2004) Caught in a Dream
0%
Into the Now(2004) Come to Me
0%
Shock(2019) Comfort Zone
0%
Mechanical Resonance(1986) Cover Queen
0%
Simplicity(2014) Cross My Heart
0%
Bust a Nut(1994) Cry
0%
The Great Radio Controversy(1989) Did It for the Money
0%
Replugged Live(2001) Summer's Day
0%
Psychotic Supper(1991) Don't De-Rock Me
0%
Five Man Acoustical Jam(1990) Down Fo' Boogie
0%
Bust a Nut(1994) Earthmover
0%
Forever More(2008) Fallin' Apart
0%
The Great Radio Controversy(1989) Flight to Nowhere
0%
Simplicity(2014) Flip Side!
0%
Shock(2019) Forever Loving You
0%
Psychotic Supper(1991) Freedom Slaves
0%
Into the Now(2004) Got No Glory
0%
Psychotic Supper(1991) Had Enough
0%
Into the Now(2004) Heaven Nine Eleven
0%
Simplicity(2014) Honestly
0%
Forever More(2008) In a Hole Again
0%
Forever More(2008) I Wanna Live
0%
Shock(2019) I Want Everything
0%
Forever More(2008) Just in Case
0%
The Great Radio Controversy(1989) Lady Luck
0%
Simplicity(2014) Life Is a River
0%
Into the Now(2004) Look @ Me
0%
Shock(2019) Love Is a Fire
0%
The Great Radio Controversy(1989) Makin' Magic
0%
Into the Now(2004) Miles Away
0%
Simplicity(2014) MP3
0%
Forever More(Bonus)(2008) My Way
0%
Bust a Nut(1994) Need Your Lovin'
0%
Forever More(2008) One Day at a Time
0%
Into the Now(2004) Only You
0%
Simplicity(2014) Other Than Me
0%
Forever More(2008) Pvt. Ledbetter
0%
Into the Now(2004) Recognize
0%
Simplicity(2014) Rise and Fall
0%
Bust a Nut(1994) Rubberband
0%
Mechanical Resonance Live(2016) Save That Goodness
0%
Bust a Nut(1994) She Want She Want
0%
Simplicity(2014) So Divine...
0%
Psychotic Supper(1991) Song & Emotion
0%
Forever More(2008) So What!
0%
Time's Makin' Changes – The Best of Tesla(1995) Steppin' Over
0%
Simplicity(2014) Sympathy
0%
Shock(2019) Taste Like
0%
Simplicity(Bonus)(2014) Taste My Pain
0%
Forever More(2008) The First Time
0%
Forever More(2008) The Game
0%
Bust a Nut(1994) The Gate / Invited
0%
Shock(2019) The Mission
0%
Shock(2019) Tied to the Tracks
0%
Simplicity(2014) 'Til That Day
0%
Simplicity(2014) Time Bomb
0%
Psychotic Supper(1991) Toke About It
0%
Five Man Acoustical Jam(1990) Tommy's Down Home
0%
Bust a Nut(1994) Try So Hard
0%
Shock(2019) We Can Rule the World
0%
Mechanical Resonance(1986) We're No Good Together
0%
Into the Now(2004) What a Shame
0%
Bust a Nut(1994) Wonderful World
0%
Into the Now(2004) Words Can't Explain
0%
The Great Radio Controversy(1989) Yesterdaze Gone
0%
Shock(2019) You Won't Take Me Alive
0%
No matching quizzes found
Score Distribution
Percent of People with Each Score
Percentile by Number Answered
Your Score History
You have not taken this quiz